Building Noah's ark / (Record no. 33589)

MARC details
000 -LEADER
fixed length control field 00615nam a22002297a 4500
008 - FIXED-LENGTH DATA ELEMENTS--GENERAL INFORMATION
fixed length control field 251027b |||||||| |||| 00| 0 eng d
017 ## - LEGAL DEPOSIT NUMBER
Legal deposit number LD.4016
018 ## - LEGAL DEPOSIT YEAR
LDD Year 2025
020 ## - INTERNATIONAL STANDARD BOOK NUMBER
ISBN 9789785722444
040 ## - CATALOGING SOURCE
Original cataloging agency NLN
Language of cataloging English
Description conventions AACR2
100 ## - MAIN ENTRY--AUTHOR
Author OLUBI, Johnson
Relator term aut
245 ## - TITLE STATEMENT
Title Building Noah's ark /
Statement of responsibility, etc Johnson Olubi
260 ## - PUBLICATION, DISTRIBUTION, ETC. (IMPRINT)
Place of publication Ibadan, Oyo State :
Name of publisher Epignosis Publications,
Date of publication 2020
300 ## - COLLATION
Pagination v, 79p. ;
Other physical details 16cm.
563 ## - BINDING INFORMATION
Binding note (pbk.)
650 ## - TRACINGS
Main Subject End of the world
650 ## - TRACINGS
Main Subject Judgement day
942 ## - ADDED ENTRY ELEMENTS (KOHA)
Item type Books
Suppress in OPAC No
050 ## - LIBRARY OF CONGRESS CALL NUMBER
Classification number BT877
Item number .O52
082 ## - DEWEY DECIMAL CLASSIFICATION NUMBER
Classification number 236.9
Holdings
Source of classification or shelving scheme Not for loan Home library Current library Date acquired Mode of acquisition Accession No. Full call number Barcode. Copy number Koha item type
Library of Congress Classification   ABEOKUTA BRANCH LIBRARY National Library of Nigeria 21/10/2025 Legal deposit 274784 BT877 .O52 274784 1 Books
Library of Congress Classification   AKURE BRANCH LIBRARY National Library of Nigeria 21/10/2025 Legal deposit 274785 BT877 .O52 274785 1 Books
Library of Congress Classification   IBADAN BRANCH LIBRARY National Library of Nigeria 21/10/2025 Legal deposit 274786 BT877 .O52 274786 1 Books

National Library of Nigeria OPAC is powered by Koha